| 000 | 00512nam a22001577a 4500 | ||
|---|---|---|---|
| 999 |
_c2730 _d2730 |
||
| 008 | 200316b ||||| |||| 00| 0 eng d | ||
| 082 | 0 | 0 |
_a621.436 _bM8781 |
| 100 |
_92016 _aMorrison, L. H. |
||
| 245 | 1 | 0 |
_aDiesel engines, operation and maintenance; a practical text on the construction, operation, and repair of heavy-duty engines _cby L. H. Morrison |
| 250 | _a10th ed. | ||
| 260 |
_aChicago _bAmerican Technical Society _c1952 |
||
| 300 | _a241 p. | ||
| 365 | _d18.00 | ||
| 650 | 0 | _aDiesel Motors | |
| 942 | _cBK | ||